LEADER 03868 am 22008653u 450 001 9910765994803321 005 20190329193752.0 010 $a1-85278-535-7 010 $a1-134-80881-X 010 $a1-134-80882-8 010 $a1-280-15833-6 010 $a0-203-98899-X 024 7 $a10.4324/9780203988992 035 $a(CKB)1000000000360981 035 $a(EBL)242001 035 $a(OCoLC)275303495 035 $a(SSID)ssj0000210196 035 $a(PQKBManifestationID)11181132 035 $a(PQKBTitleCode)TC0000210196 035 $a(PQKBWorkID)10267975 035 $a(PQKB)11041879 035 $a(MiAaPQ)EBC242001 035 $a(OCoLC)252993231 035 $a(oapen)https://directory.doabooks.org/handle/20.500.12854/32015 035 $a(MiAaPQ)EBC7245419 035 $a(Au-PeEL)EBL7245419 035 $a(OCoLC)814262171 035 $a(EXLCZ)991000000000360981 100 $a20180331d1996 uy 0 101 0 $aeng 135 $aur|n|---||||| 181 $ctxt 182 $cc 183 $acr 200 00$aNew Directions in development economics $egrowth, environmental concerns, and government in the 1990s /$fedited by Mats Lundahl and Benno J. Ndulu 210 $cTaylor & Francis$d2003 210 1$aLondon and New York :$cRoutledge,$d1996. 215 $a1 online resource (420 p.) 225 1 $aRoutledge studies in development economics ;$vno. 3 300 $aDescription based upon print version of record. 311 $a1-138-86608-3 311 $a0-415-12121-3 320 $aIncludes bibliographical references and index. 327 $aBOOK COVER; HALF-TITLE; SERIES; TITLE; COPYRIGHT; CONTENTS; FIGURES; TABLES; NOTES ON THE CONTRIBUTORS; PREFACE; OPENING REMARKS; WELCOME ADDRESS; 1 INTRODUCTION; 2 MACROPOLICIES FOR THE TRANSITION FROM STABILIZATION TO GROWTH; 3 CONSTRAINTS ON AFRICAN GROWTH; 4 LONG-TERM DEVELOPMENT AND SUSTAINABLE GROWTH IN SUB SAHARAN; 5 HOW PAINFUL IS THE TRANSITION?; 6 TECHNOLOGICAL IMPLICATIONS OF STRUCTURAL ADJUSTMENT; 7 DEVELOPMENTAL REGIONALISM; 8 ENVIRONMENTAL RESOURCES AND ECONOMIC DEVELOPMENT; 9 THE CAPTURE OF GLOBAL ENVIRONMENTAL VALUE; 10 ENVIRONMENTAL TAX REFORM 327 $a11 THE GOOD, THE BAD AND THE WOBBLY12 ROLE OF THE AFRICAN STATE IN BUILDING AGENCIES OF RESTRANT; 13 PARTICIPATION, MARKETS AND DEMOCRACY; 14 STYLIZING ACCUMULATION IN AFRICAN; 15 ECONOMIC RESTRUCTURING, COPING; 16 FROM GATT TO WTO; 17 GOVERNMENT, TRADE AND INTERNATIONAL; INDEX 330 $aNew Directions in Development Economics is divided into two parts. The first half considers the dilemna of growth with special reference to its environmental cost. The second half focuses on the role of the state in the context of the growing dominance of the free market argument. The contributors include Paul Collier, Partha Dasgupta, Ronald Findlay and Deepak Lal. 410 0$aRoutledge studies in development economics ;$v3. 606 $aSustainable development$zDeveloping countries 606 $aEconomic development$xEnvironmental aspects 606 $aDevelopment economics 607 $aDeveloping countries$xEconomic policy 610 $acountry 610 $areal 610 $aexchange 610 $arate 610 $aafrican 610 $aeconomies 610 $adevelopmental 610 $astate 610 $atechno 610 $aparadigm 615 0$aSustainable development 615 0$aEconomic development$xEnvironmental aspects. 615 0$aDevelopment economics. 676 $a338.9 676 $a338.90091724 700 $aLundahl$b Mats$4edt$0129849 701 $aLundahl$b Mats$f1946-$0129849 701 $aNdulu$b B. J$0942410 801 0$bFlBoTFG 801 1$bFlBoTFG 906 $aBOOK 912 $a9910765994803321 996 $aNew Directions in development economics$93651681 997 $aUNINA LEADER 05580nam 2200625Ia 450 001 9910777943503321 005 20230120010510.0 010 $a1-282-16862-2 010 $a9786612168628 010 $a0-08-092139-6 035 $a(CKB)1000000000766659 035 $a(EBL)452833 035 $a(OCoLC)430052082 035 $a(SSID)ssj0000340833 035 $a(PQKBManifestationID)11265606 035 $a(PQKBTitleCode)TC0000340833 035 $a(PQKBWorkID)10389001 035 $a(PQKB)10439279 035 $a(MiAaPQ)EBC452833 035 $a(Au-PeEL)EBL452833 035 $a(CaPaEBR)ebr10310714 035 $a(CaONFJC)MIL216862 035 $a(OCoLC)935268479 035 $a(EXLCZ)991000000000766659 100 $a20090611d2009 uy 0 101 0 $aeng 135 $aurcn||||||||| 181 $ctxt$2rdacontent 181 $csti$2rdacontent 182 $cc$2rdamedia 183 $acr$2rdacarrier 200 00$aNeuromodulation$b[electronic resource] /$fedited by Elliot S. Krames, P. Hunter Peckham, Ali R. Rezai 210 $aLondon ;$aBurlington, MA $cAcademic Press$d2009 215 $a1 online resource (xxiii, 1063 pages) $cillustrations 311 $a0-12-374968-9 311 $a0-12-374248-X 320 $aIncludes bibliographical references and index. 327 $av. 1. Section I. An introduction to neuromodulation -- Section II. Fundamentals of neuromodulation -- Section IIA. Fundamentals of neuromodulation: mechanisms -- Section III. Biomedical engineering considerations -- Section IV. Neuromodulation for chronic pain -- Section IVA. Periphery and spinal cord electrical stimulation for non-visceral pain -- Section IVB. Infusional therapies for pain -- Section IVC. Brain stimulation for pain. 327 $av. 2. Section V. Neuomodulation for movement disorders -- Section VI. Neurostimulation for epilepsy -- Section VII. Neuromodulation for psychiatrc disorders -- Section VIII. Neuromodulation for functional restoration -- Section IX. Neuromodulation of body organs -- Section IXA. Neuromodulation for cardiovascular disorders -- Section IXB. Neuromodulation for gastrointestinal disorders -- Section IXC. Neuromodulation for urogenital disorders -- Section X. Neuromodulation for emerging applications -- Section XI. Neuromodulation device implant techniques. 330 $aNeuromodulation will be the first comprehensive and in-depth reference textbook covering all aspects of the rapidly growing field of neuromodulation. This book provides a complete discussion of the fundamental principles of neuromodulation and therapies applied to the brain, spinal cord, peripheral nerves, autonomic nerves and various organs. The textbook is highly structured and organized into overarching sections that cover chronic pain, movement disorders, psychiatric disorders, epilepsy, functional electrical stimulation, cardiac, gastrointestinal, genitourinary and organ neuromodulation. The fundamental principles of electricity and infusion, neural tissue interface, biomedical engineering, neuromodulation devices, basic science, neuroanatomy, neurophysiology, imaging and mechanisms are emphasized. In addition to providing details pertaining to the state-of-the-art current practice, innovative and emerging applications are discussed in specific chapters. Finally, the textbook provides specific chapters focusing on the technical aspects of the various neuromodulation procedures as well as technical specifications of various implantable devices. All of the contributors to Neuromodulation represent leading experts in the field. The editors are internationally renowned in their respective fields of neuromodulation, pain management, functional neurosurgery and biomedical engineering. Neuromodulation will be the first and foremost authoritative text on neuromodulation therapies and will establish the gold standard that defines the field for years to come. Key Features The first comprehensive reference on the emerging field of Neuromodulation Editors and authors include all leading figures in the field, and the leaders of the International Neuromodulation Society Over 90 chapters on topics ranging from a layout of the fundamentals (e.g. neuroanatomy, plasticity, bioelectrical effects, infusion therapies), solutions for the biomedical engineering challenges (e.g. materials, how to preserve normal function etc.), to a rundown of the existing applications and their future promise Over 1200 pages in splendid full color, richly illustrated Important areas of application include: control of chronic pain delivery of drugs to the nervous system via implanted devices control of epilepsy, Parkinson, etc. functional restoration, e.g. visual, auditory, restoration after stroke, restoration of motor function after traumatic events stimulation of body organs via neural devices (incl. the heart, abdominal organs, genitourinary organs) overview over newly emerging fields - control of obesity, blood pressure, tinnitus, brain injury, neurodegenerative diseases, brain-machine interfaces. 606 $aCentral nervous system$xPhysiology 606 $aNeural transmission$xRegulation 615 0$aCentral nervous system$xPhysiology. 615 0$aNeural transmission$xRegulation. 676 $a616.806 701 $aKrames$b Elliot$01498569 701 $aPeckham$b P. Hunter$01498570 701 $aRezai$b Ali R$01498571 801 0$bMiAaPQ 801 1$bMiAaPQ 801 2$bMiAaPQ 906 $aBOOK 912 $a9910777943503321 996 $aNeuromodulation$93724157 997 $aUNINA